000 00575cam a2200193 i 4500
020 _a2706807563 :
040 _cDLC
082 0 0 _a632 G-P.M 1979 A039 Or.
245 0 3 _aLe Désherbage des cultures sous les tropiques /
260 _aParis :
_bG.-P. Maisonneuve et Larose,
_cc1979.
300 _a312, [14] leaves of plates :
_bill. (some col.) ;
_c24 cm.
490 0 _aTechniques agricoles et productions tropicales ; 28
650 0 _aWeeds
650 0 _aTropical crops
650 0 _aHerbicides.
700 1 _aDeuse, Jacques.
700 1 _aLavabre, E. M.
942 _cFB
999 _c11980
_d11980